MDQL
is popping MORE tags! Check the
thread
!
Quizzes
Events
Quiz Creation
Community
Videos
Private Events
Remove Ads
Sign In
Join for FREE
Feedback
Dark Mode
Quiz Categories
Sports
Geography
Music
Movies
Television
Just For Fun
Miscellaneous
History
Literature
Language
Science
Gaming
Entertainment
Religion
Holiday
For Kids
Quiz Lab
Recent
Popular Today
Quiz Kudos Today
Editor Picks
Curator Picks
Quizzes by...
Day
Popularity
Type
Ratings
Length
Year
Community
Subscriptions
Recent Discussions
Orange Saloon
Badges
Playlists
Quests
Create
Leaderboards
Showdown
Live 5
Trivia Bingo
Activity
Puzzle Library
Sporcle Events
Private Events
Virtual Trivia
Globe League
Become a Host
Pub Owners
SporcleCon
Opinionation
Our Games
Videos
Blog
Mobile Apps
Partnerships
Remove Ads and Go Orange
Feedback
Music
Pop Music
The Beatles
Song
Album
Lyrics
Bands
Singers
Artist
Clip
Rock
Rap
Classical
Billboard
Country Music
Kpop
Taylor Swift
Music
Pop Music
The Beatles
Song
Album
Lyrics
Bands
Singers
Artist
Clip
Rock
Rap
Classical
Billboard
Country Music
Kpop
Taylor Swift
Random Quiz
Search Sporcle
×
Quiz Lab
Quiz Lab
Music
Bands
Type in answers that appear in a list
Type in answers that appear in a list
Classic
Best Score? Go Orange.
Metalcore Bands Stats
Can you name the Metalcore Bands?
By
max1231
15m
35 Questions
266 Plays
266 Plays
266 Plays
Comments
Comments
Give Quiz Kudos
Give Quiz Kudos
-
- Ratings
hide this ad
Replay
Link that replays current quiz
Next Quiz
Link to next quiz in quiz playlist
You Got
0%
They Got
Avg Score
13%
Avg Friend Score
Upgrade to see
Score Distribution
Jump to the score distribution portion of the page
Score
0/35
Timer
15:00
0
Plays Today
Song Name
Band Name
% Correct
Beating On Deaths Door
Lamb Of God
65.8%
Marinias Trench
August Burns Red
47.4%
The Prophecy
Asking Alexandria
47%
Idols and Anchors
Parkway Drive
38.3%
Forsaken
As i Lay Dying
35.3%
27.1%
Pull Me Under
Dream Theater
22.9%
Ambrosia
Alesana
18.8%
Necromechanical
Whitechapel
17.3%
Carlitos Way
Upon a Burning Body
16.9%
Darling
Eyes Set To Kill
15.8%
Demanufacture
Fear Factory
12%
Demons
Darkest Hour
11.7%
When Everything Falls
Haste The Day
11.3%
Black Days Begin
Atreyu
7.9%
March To Global Enslavement
Job For a Cowboy
7.1%
Nightman
The Acacia Strain
6.8%
80b
Confide
6.8%
Song Name
Band Name
% Correct
Truth And Temper
The Ghost Inside
6%
On Broken Glass
Chimaira
6%
Slanderous
Machine Head
5.6%
The Art of American Football
Funeral For a Friend
5.3%
F**king an Animal
GWAR
4.5%
The Serpent
Rise To Remain
4.1%
Ancient Covenant
The Faceless
3.8%
Laid To Rest
All Shall Perish
3.4%
Look Alive
We Are The Ocean
3.4%
Legions
Winds Of Plague
2.6%
Killing Inside
Cavalera Conspiracy
2.6%
Nightmare
For The Fallen Dreams
2.3%
Black Soul Choir
Devildriver
2.3%
Forsaken
I The Breather
1.9%
The Stinging Rain
Misery Signal
1.9%
Black Vein
Trigger the Bloodshed
1.1%
The Unbeliever
Shaped By Fate
0.4%
Quiz Playlist
Details
Report
Send in Message
Add To Playlist
Classic:
Type in answers that appear in a list
Last Updated: Feb 16, 2017
Quiz Scoreboard
CHALLENGE
Sign Up to Join the Scoreboard
Show All
Scores
Hide
Comments
May contain spoilers
Recently Published
Two Season TV Shows II
by 123Four
Television
10m
Image Sorting: Flags VI
by Barbecue
Geography
2m
Find the 'City' Movie
by crazypaving
Movies
60s
More to Explore
Quiz From the Vault
Featured Blog Post
14 Easter Pick-up Lines to Find Eggs With
hide this ad
You Might Also Like...
Tags
Bands Quiz
Song Quiz
metalcore
Today's Top Quizzes in Music
Browse Music
hide this ad
Today's Top Quizzes in Bands
Browse Bands
Top Contributed Quizzes in Music
1
5X2 Blitz: Bands II
2
5X2 Blitz: The Beatles
3
Taylor Swift All Songs (2024)
4
5X2 Blitz: Billboard
5
5X2 Blitz: Billboard II
6
5X2 Blitz: Album
7
5X2 Blitz: Rock
8
5X2 Blitz: Singers
9
Music Artist by Three 2010s hits
10
5X2 Blitz: Lyrics
Explore More
Trending Topics
Disney
Harry Potter
Anime
Crossword
Kpop
Marvel
NBA
Pokémon
Song
Soccer
WWE
NFL
The Office
Puzzle
Country
hide this ad
More By:
max1231
Quiz
Plays
Rating
Category
Featured
Created
Lots of Metalcore Bands
393
3.00
Music
Mar 23, 2011
Metalcore Bands
266
1.00
Music
Apr 7, 2011
Decent Metal Bands
37
2.33
Music
Mar 23, 2011
Name the Heavy Core bands from the song name
33
Music
Mar 24, 2011
Go to Creator's Profile
Score Distribution
Quiz Creator Spotlight
max1231
Follow
Send a Message
Quizzes Created
-
Created Quiz Play Count
-
More By This Creator
Popular Quizzes Today
1
Colored Red Africa Blitz
2
Find the US States - No Outlines Minefield
3
Find the 'City' Movie
4
5x2 Blitz: Bands
5
The Countries of the World
6
Find the US States
7
Find the Countries of Europe - No Outlines Minefield
8
US States
More Music Quizzes
Hip-Hop Stage Names
Published
Trending Quizzes
Colored Red Europe Blitz I
Colored Red Africa Blitz II
Colored Red Europe Blitz II
Colored Red Africa Blitz III
Colored Red Europe Blitz III
Recently Updated
How Do You Spell That?
pecheneg
Godzilla Movies
pecheneg
Grab Bag: 4-10 Letters
pecheneg
2024 March Madness Bracket
pecheneg
Famous TV Couples
Peacemaker
Champions League XIs: Real Madrid
pecheneg
Largest US Cities 1790-2010
pecheneg
Rides in Walt Disney World
pecheneg
Most Oscar Losses (Acting)
pecheneg
Beyoncé Albums
pecheneg
Trending Topics
Kpop
NBA
Crossword
Disney
Anime
Harry Potter
Marvel
Soccer
The Office
WWE
Pokémon
Country
Puzzle
Song
NFL
Your Account Isn't Verified!
In order to create a playlist on Sporcle, you need to verify the email address you used during registration. Go to your
Sporcle Settings
to finish the process.
Report this User
Report this user for behavior that violates our
Community Guidelines
.
Details:
Send Report
Go to the Sporcle.com Mobile Site →
Comments